Normal view
MARC view
- Mills Andrea
Entry Personal Name
001 - CONTROL NUMBER
- control field: 7307
003 - CONTROL NUMBER IDENTIFIER
- control field: OSt
005 - DATE AND TIME OF LATEST TRANSACTION
- control field: 20190805092837.0
008 - FIXED-LENGTH DATA ELEMENTS
- fixed length control field: 190805|| aca||aabn | a|a d
040 ## - CATALOGING SOURCE
- Original cataloging agency: OSt
- Transcribing agency: OSt
100 ## - HEADING--PERSONAL NAME
- Personal name: Mills Andrea
670 ## - SOURCE DATA FOUND
- Source citation: Work cat.: (OSt): Mills Andrea, Findout Animals, 2018